Capitals with Same First Letter Quiz Stats

 Plays Quiz Updated Sep 27, 2017

Challenge
Share
Tweet
Score 0/8 Timer 05:00
8 Plays Today
% Correct
Hawaii
89.5%
Canada
86.8%
Portugal
82.8%
Taiwan
82.5%
Chile
80.9%
Alaska
80.2%
Maine
78.9%
Slovakia
75.3%

You're not logged in!

Compare scores with friends on all Sporcle quizzes.
OR
Log In

You Might Also Like...

Show Comments

Extras

Top Quizzes Today


Score Distribution

Your Account Isn't Verified!

In order to create a playlist on Sporcle, you need to verify the email address you used during registration. Go to your Sporcle Settings to finish the process.

Report this User

Report this user for behavior that violates our Community Guidelines.

Details: